[Event "Online Olym Div2 E"]
[Site "Chess.com INT"]
[Date "2020.08.15"]
[Round "5.4"]
[White "Estrada, Lucia"]
[Black "Franco Valencia, Angela Maria"]
[Result "0-1"]
[WhiteElo "1888"]
[BlackElo "2089"]
[PlyCount "120"]
[EventDate "2020.08.14"]
[EventType "team-tourn (rapid)"]
[EventRounds "9"]
[EventCountry "USA"]
[SourceTitle "CBM 198"]
[Source "ChessBase"]
[SourceDate "2020.10.31"]
[SourceVersion "1"]
[SourceVersionDate "2020.10.31"]
[SourceQuality "1"]
[WhiteTeam "Bolivia"]
[BlackTeam "Colombia"]
[WhiteTeamCountry "BOL"]
[BlackTeamCountry "COL"]

1. d4 Nf6 2. Nf3 c5 3. e3 g6 4. dxc5 Qa5+ 5. Nbd2 Qxc5 6. a3 Bg7 7. Bd3 0-0 8. b4 Qc7 9. Rb1 a6 10. c4 d5 11. 0-0 Rd8 12. Qc2 e5 13. cxd5 Qxc2 14. Bxc2 Nxd5 15. Bb2 Nc6 16. Nc4 f6 17. e4 Nf4 18. Nb6 Rb8 19. Bb3+ Be6 20. Bxe6+ Nxe6 21. Rfd1 Ned4 22. Nxd4 Nxd4 23. Bxd4 Rxd4 24. Rxd4 exd4 25. Nd7 Rc8 26. Nc5 b6 27. Nxa6 d3 28. Kf1 Bh6 29. Rd1 d2 30. Ke2 Rc4 31. f3 Rc3 32. Nb8 Kf7 33. Nd7 b5 34. Nb6 Rxa3 35. Nd5 Rb3 36. f4 f5 37. e5 Bf8 38. Rxd2 Bxb4 39. Nxb4 Rxb4 40. Rd7+ Ke6 41. Rd6+ Ke7 42. Ke3 Rb2 43. Rd2 Rb4 44. g3 g5 45. Rd4 Rb3+ 46. Rd3 Rb1 47. fxg5 Ke6 48. Kf4 Rf1+ 49. Ke3 Re1+ 50. Kf4 Re4+ 51. Kf3 Rxe5 52. h4 b4 53. Rd8 Rb5 54. Re8+ Kf7 55. Ra8 b3 56. Ra7+ Ke6 57. Rxh7 b2 58. Rh6+ Ke5 59. Rh8 b1Q 60. Re8+ Kd6 0-1

[Event "Online Olym Div2 E"]
[Site "Chess.com INT"]
[Date "2020.08.15"]
[Round "4.4"]
[White "Francisco Guecamburu, Candela Be"]
[Black "Estrada, Lucia"]
[Result "1-0"]
[WhiteElo "2018"]
[BlackElo "1888"]
[PlyCount "69"]
[EventDate "2020.08.14"]
[EventType "team-tourn (rapid)"]
[EventRounds "9"]
[EventCountry "USA"]
[SourceTitle "CBM 198"]
[Source "ChessBase"]
[SourceDate "2020.10.31"]
[SourceVersion "1"]
[SourceVersionDate "2020.10.31"]
[SourceQuality "1"]
[WhiteTeam "Argentina"]
[BlackTeam "Bolivia"]
[WhiteTeamCountry "ARG"]
[BlackTeamCountry "BOL"]

1. e4 e6 2. d4 d5 3. Nc3 dxe4 4. Nxe4 Nd7 5. Nf3 Ngf6 6. Bd3 Be7 7. c3 b6 8. Qe2 Bb7 9. Nxf6+ Nxf6 10. Bf4 0-0 11. 0-0-0 c5 12. dxc5 Qc8 13. Be5 Qxc5 14. Ng5 h6 15. h4 Qa5 16. Kb1 Rac8 17. Bxf6 Bxf6 18. Nh7 Rfd8 19. Nxf6+ gxf6 20. Qg4+ Kf8 21. Qf4 Ke7 22. Rhe1 h5 23. f3 b5 24. g4 Bd5 25. a3 Bb3 26. Rd2 hxg4 27. fxg4 Rd5 28. g5 fxg5 29. hxg5 Rcd8 30. Qf6+ Ke8 31. Rxe6+ fxe6 32. Qxe6+ Kf8 33. Rf2+ Kg7 34. Qg6+ Kh8 35. Qh7# 1-0

[Event "BOL-ch (Women)"]
[Site "Sucre"]
[Date "2016.06.14"]
[Round "11"]
[White "Estrada, Lucia"]
[Black "Soruco, Valerie"]
[Result "1-0"]
[WhiteElo "1910"]
[BlackElo "1522"]
[PlyCount "43"]
[EventDate "2016.06.09"]
[EventType "tourn"]
[EventRounds "11"]
[EventCountry "BOL"]
[SourceTitle "CBM 172 Extra"]
[Source "ChessBase"]
[SourceDate "2016.06.21"]
[SourceVersion "1"]
[SourceVersionDate "2016.06.21"]
[SourceQuality "1"]

1. d4 d5 2. c4 Nc6 3. Nc3 dxc4 4. d5 Ne5 5. f4 Ng4 6. h3 N4f6 7. e4 e6 8. Nf3 Bb4 9. Qa4+ Bd7 10. Qxb4 exd5 11. exd5 Ne7 12. Bxc4 Rb8 13. 0-0 0-0 14. Be3 b6 15. Ne5 Qc8 16. Qxe7 Bxh3 17. gxh3 Qxh3 18. Rf3 Qh5 19. Rg3 Kh8 20. Rg5 Rbe8 21. Rxh5 Rxe7 22. Rh3 1-0

[Event "BOL-ch (Women)"]
[Site "Sucre"]
[Date "2016.06.13"]
[Round "8"]
[White "Monroy Garzon, Nataly Alejandra"]
[Black "Estrada, Lucia"]
[Result "1-0"]
[WhiteElo "1999"]
[BlackElo "1910"]
[PlyCount "75"]
[EventDate "2016.06.09"]
[EventType "tourn"]
[EventRounds "11"]
[EventCountry "BOL"]
[SourceTitle "CBM 172 Extra"]
[Source "ChessBase"]
[SourceDate "2016.06.21"]
[SourceVersion "1"]
[SourceVersionDate "2016.06.21"]
[SourceQuality "1"]

1. d4 d5 2. Nf3 Nf6 3. c4 c6 4. Nc3 Bf5 5. cxd5 Nxd5 6. Qb3 Qb6 7. Nxd5 Qxb3 8. Nc7+ Kd8 9. axb3 Kxc7 10. Bf4+ Kc8 11. Nd2 Nd7 12. e4 Bg6 13. Bd3 e5 14. Bxe5 Nxe5 15. dxe5 Bb4 16. Ke2 Re8 17. Nc4 Kc7 18. f4 Bh5+ 19. Kf2 b5 20. Ne3 Bc5 21. Rhc1 Kb6 22. Rc2 Rad8 23. Rac1 Bxe3+ 24. Kxe3 Re6 25. Rc5 Rde8 26. h3 f6 27. exf6 Bf7 28. fxg7 Rg8 29. g4 Rxg7 30. g5 Be8 31. h4 Rd6 32. e5 Rd5 33. Rxd5 cxd5 34. f5 Bc6 35. f6 Rc7 36. e6 Rb7 37. f7 Rb8 38. e7 1-0

[Event "BOL-ch (Women)"]
[Site "Sucre"]
[Date "2016.06.10"]
[Round "2"]
[White "Estrada, Lucia"]
[Black "Prado, Alexandra"]
[Result "1-0"]
[WhiteElo "1910"]
[BlackElo "1832"]
[PlyCount "71"]
[EventDate "2016.06.09"]
[EventType "tourn"]
[EventRounds "11"]
[EventCountry "BOL"]
[SourceTitle "CBM 172 Extra"]
[Source "ChessBase"]
[SourceDate "2016.06.21"]
[SourceVersion "1"]
[SourceVersionDate "2016.06.21"]
[SourceQuality "1"]

1. d4 Nf6 2. Nf3 g6 3. g3 Bg7 4. Bg2 d6 5. 0-0 0-0 6. c4 Nbd7 7. Nc3 Re8 8. e4 e5 9. h3 exd4 10. Nxd4 Nc5 11. Re1 c6 12. Bf4 Nh5 13. Be3 a5 14. Qc2 Qe7 15. Qd2 a4 16. Rad1 Ne6 17. Nde2 Bf8 18. g4 Nf6 19. Ng3 Nd7 20. f4 a3 21. b3 Nec5 22. Bd4 Ne6 23. Be3 Nec5 24. Nce2 Nf6 25. Bxc5 dxc5 26. e5 Nd7 27. Nc3 Bh6 28. g5 Bg7 29. Nce4 Rd8 30. Nf6+ Bxf6 31. exf6 Qf8 32. Re7 Re8 33. Rde1 Rxe7 34. fxe7 Qe8 35. Qd6 Nb6 36. Ne4 1-0

[Event "Cochabamba op 1st"]
[Site "Cochabamba"]
[Date "2015.01.30"]
[Round "4"]
[White "Estrada, Lucia"]
[Black "Basto, Suely"]
[Result "1-0"]
[WhiteElo "1946"]
[BlackElo "1732"]
[PlyCount "117"]
[EventDate "2015.01.29"]
[EventType "swiss"]
[EventRounds "7"]
[EventCountry "BOL"]
[SourceTitle "CBM 164 Extra"]
[Source "ChessBase"]
[SourceDate "2015.03.02"]
[SourceVersion "1"]
[SourceVersionDate "2015.03.02"]
[SourceQuality "1"]

1. d4 d6 2. c4 Nd7 3. Nc3 g6 4. e4 Bg7 5. Be3 e6 6. f3 Ne7 7. Qd2 h6 8. Nge2 a6 9. Nc1 b6 10. Be2 Bb7 11. Nd3 f5 12. Bd1 g5 13. g3 Nf6 14. Nf2 fxe4 15. fxe4 Ng6 16. Bc2 e5 17. d5 Bc8 18. Bd1 Bd7 19. Be2 Ke7 20. h4 g4 21. h5 Nf8 22. Qd1 Qe8 23. Nxg4 Nxh5 24. Bf2 Nf6 25. Nxf6 Bxf6 26. Bh5 Ng6 27. Be3 Qg8 28. Rf1 Qg7 29. Qd2 Nf8 30. Ne2 Be8 31. Bxe8 Rxe8 32. 0-0-0 Nd7 33. Rf5 h5 34. Rdf1 Ref8 35. Kb1 h4 36. gxh4 Rxh4 37. Nc3 Rg4 38. Bh6 Qg6 39. Bxf8+ Kxf8 40. Qh2 Kg7 41. Qh5 Qxh5 42. Rxh5 Bg5 43. Rfh1 Nf6 44. Rh8 Be3 45. Rc8 Nxe4 46. Nxe4 Rxe4 47. Rxc7+ Kg6 48. Re1 Kf5 49. Rf7+ Kg4 50. b3 Kg3 51. Rf6 Kg4 52. Rxd6 Kf3 53. Rf6+ Rf4 54. Rxf4+ Kxf4 55. d6 Bc5 56. d7 Be7 57. Kc2 Kf3 58. Rf1+ Ke2 59. Rf8 1-0

[Event "Olympiad Women-41"]
[Site "Tromsoe"]
[Date "2014.08.12"]
[Round "10.3"]
[White "Farrugia, Jamie"]
[Black "Estrada, Lucia"]
[Result "0-1"]
[WhiteElo "1541"]
[BlackElo "1974"]
[PlyCount "52"]
[EventDate "2014.08.02"]
[EventType "team-swiss"]
[EventRounds "11"]
[EventCountry "NOR"]
[SourceTitle "CBM 162"]
[Source "ChessBase"]
[SourceDate "2014.09.17"]
[SourceVersion "1"]
[SourceVersionDate "2014.09.17"]
[SourceQuality "1"]
[WhiteTeam "Malta (W)"]
[BlackTeam "Bolivia (W)"]
[WhiteTeamCountry "MLT"]
[BlackTeamCountry "BOL"]

1. e4 e6 2. d4 d5 3. e5 c5 4. c3 Qb6 5. Nf3 Nd7 6. a3 c4 7. Be2 Ne7 8. 0-0 Nc6 9. Nbd2 Be7 10. b4 a5 11. Qa4 0-0 12. Re1 f6 13. Bd1 fxe5 14. b5 Na7 15. Nxe5 Nxe5 16. Rxe5 Bf6 17. Rh5 g6 18. Rh6 e5 19. Qc2 Bf5 20. Qb2 exd4 21. Nb1 Bg7 22. Rh4 Be4 23. Kh1 dxc3 24. Nxc3 Bxc3 25. Qxc3 Qxf2 26. Be3 Qxg2# 0-1

[Event "BOL-ch (Women)"]
[Site "La Paz"]
[Date "2014.05.23"]
[Round "4"]
[White "Estrada, Lucia"]
[Black "Molina, Jessica"]
[Result "0-1"]
[WhiteElo "1974"]
[BlackElo "1646"]
[PlyCount "90"]
[EventDate "2014.05.21"]
[EventType "swiss"]
[EventRounds "8"]
[EventCountry "BOL"]
[SourceTitle "CBM 160 Extra"]
[Source "ChessBase"]
[SourceDate "2014.07.01"]
[SourceVersion "1"]
[SourceVersionDate "2014.07.01"]
[SourceQuality "1"]

1. d4 Nf6 2. c4 c5 3. d5 b5 4. cxb5 a6 5. bxa6 g6 6. Nc3 d6 7. e4 Bg7 8. h3 Nbd7 9. f4 0-0 10. Nf3 Bxa6 11. Bxa6 Rxa6 12. 0-0 Qa8 13. Re1 Nb6 14. Qc2 Rb8 15. Rb1 Nfd7 16. a3 Nc4 17. Nd1 Ncb6 18. Ne3 Qb7 19. b3 Na4 20. Bd2 Nab6 21. a4 Qa7 22. a5 Na8 23. Nc4 Nc7 24. Bc3 Bxc3 25. Qxc3 Nb5 26. Qd3 f6 27. h4 Kg7 28. Rf1 Rxa5 29. Nxa5 c4+ 30. Rf2 cxd3 31. Nc6 Qb6 32. Nxb8 Qxb8 33. b4 Nc3 34. Rb3 Nxe4 35. Ra2 Qb6+ 36. Kh1 Qe3 37. b5 Qc1+ 38. Kh2 Qxf4+ 39. Kg1 d2 40. Ra1 Ndc5 41. Rba3 Qg3 42. Ra7 Qf2+ 43. Kh2 Kf7 44. b6 Nd3 45. b7 Nf4 0-1

[Event "BOL-ch (Women)"]
[Site "La Paz"]
[Date "2014.05.23"]
[Round "5"]
[White "Estrada, Lucia"]
[Black "Prado, Alexandra"]
[Result "1-0"]
[WhiteElo "1974"]
[BlackElo "1833"]
[PlyCount "65"]
[EventDate "2014.05.21"]
[EventType "swiss"]
[EventRounds "8"]
[EventCountry "BOL"]
[SourceTitle "CBM 160 Extra"]
[Source "ChessBase"]
[SourceDate "2014.07.01"]
[SourceVersion "1"]
[SourceVersionDate "2014.07.01"]
[SourceQuality "1"]

1. d4 Nf6 2. c4 g6 3. Nc3 Bg7 4. e4 d6 5. f3 c5 6. d5 h6 7. Be3 Nh7 8. Qd2 Nf8 9. f4 Qa5 10. h3 Bxc3 11. bxc3 Nbd7 12. Nf3 Nb6 13. Bd3 Nfd7 14. 0-0 Nf8 15. Rac1 Bd7 16. Qe2 Nh7 17. Bd2 0-0-0 18. Rb1 Rde8 19. e5 Rhg8 20. Kh2 Nf8 21. Qf2 Qa4 22. Be3 Nxc4 23. Bxc5 Qa5 24. Bxa7 Qxd5 25. Qe2 Qa5 26. Bxc4 Qxa7 27. Bxf7 Ne6 28. Qc4+ Nc5 29. Bxg8 e6 30. Bf7 d5 31. Qe2 Rf8 32. Bxg6 Rxf4 33. Nd4 1-0

[Event "American Continental 09th"]
[Site "Cochabamba"]
[Date "2013.05.14"]
[Round "10"]
[White "Lopez, Bruno"]
[Black "Estrada, Lucia"]
[Result "1-0"]
[WhiteElo "1734"]
[BlackElo "2034"]
[PlyCount "67"]
[EventDate "2013.05.07"]
[EventType "swiss"]
[EventRounds "11"]
[EventCountry "BOL"]
[SourceTitle "CBM 154 Extra"]
[Source "ChessBase"]
[SourceDate "2013.06.25"]
[SourceVersion "2"]
[SourceVersionDate "2013.06.25"]
[SourceQuality "1"]

1. e4 e6 2. d4 d5 3. Nd2 Nf6 4. e5 Nfd7 5. Ngf3 c5 6. c3 Nc6 7. Bd3 Qb6 8. 0-0 cxd4 9. cxd4 Nxd4 10. Nxd4 Qxd4 11. Nf3 Qb6 12. Qa4 Qb4 13. Qc2 h6 14. a3 Qb6 15. Qa4 a6 16. Qg4 Qc7 17. Bf4 g5 18. Bg3 Be7 19. Rac1 Qb6 20. h4 h5 21. Qa4 g4 22. Ng5 Rg8 23. Rc2 Qd8 24. Rfc1 Rb8 25. Qf4 Bxg5 26. hxg5 Nf8 27. g6 Nxg6 28. Bxg6 Rxg6 29. Bh4 Qxh4 30. Rxc8+ Rxc8 31. Rxc8+ Kd7 32. Qc1 Qd8 33. Rxd8+ Kxd8 34. b4 1-0

[Event "American Continental 09th"]
[Site "Cochabamba"]
[Date "2013.05.07"]
[Round "1"]
[White "Prasca Sosa, Rafael Felipe"]
[Black "Estrada, Lucia"]
[Result "1-0"]
[WhiteElo "2426"]
[BlackElo "2034"]
[PlyCount "77"]
[EventDate "2013.05.07"]
[EventType "swiss"]
[EventRounds "11"]
[EventCountry "BOL"]
[SourceTitle "CBM 154 Extra"]
[Source "ChessBase"]
[SourceDate "2013.06.25"]
[SourceVersion "2"]
[SourceVersionDate "2013.06.25"]
[SourceQuality "1"]

1. e4 e6 2. d4 d5 3. Nd2 Nf6 4. e5 Nfd7 5. f4 c5 6. c3 Nc6 7. Ndf3 Qb6 8. g3 cxd4 9. cxd4 f6 10. Bd3 Bb4+ 11. Kf1 0-0 12. Kg2 fxe5 13. dxe5 h6 14. a3 Be7 15. b4 a6 16. Ne2 Qd8 17. Be3 Nb6 18. Bb1 Nc4 19. Bf2 Qe8 20. Qd3 g6 21. Qxg6+ Qxg6 22. Bxg6 Bd7 23. Rhd1 Kg7 24. Bh5 b5 25. Ned4 Nxd4 26. Nxd4 a5 27. Bg4 Kf7 28. f5 exf5 29. Bf3 Kg6 30. Bxd5 Rac8 31. bxa5 Nxa5 32. e6 Be8 33. Ne2 Bc6 34. Nf4+ Kg7 35. Bxc6 Nxc6 36. Rd7 Rfe8 37. Rc1 Kg8 38. Nd3 Kf8 39. Be3 1-0

[Event "Olympiad Women-40"]
[Site "Istanbul"]
[Date "2012.09.05"]
[Round "8.2"]
[White "Estrada, Lucia"]
[Black "Patel, Yesim"]
[Result "1-0"]
[WhiteElo "2026"]
[BlackElo "1845"]
[PlyCount "77"]
[EventDate "2012.08.28"]
[EventType "team-swiss"]
[EventRounds "11"]
[EventCountry "TUR"]
[SourceTitle "CBM 150 Extra"]
[Source "ChessBase"]
[SourceDate "2012.10.19"]
[SourceVersion "1"]
[SourceVersionDate "2012.10.19"]
[SourceQuality "1"]
[WhiteTeam "Bolivia (W)"]
[BlackTeam "Turkey 2016 (W)"]
[WhiteTeamCountry "BOL"]
[BlackTeamCountry "TUR"]

1. d4 d5 2. Nf3 Nf6 3. e3 c5 4. b3 Nc6 5. Bb2 Bg4 6. Nbd2 e6 7. a3 cxd4 8. exd4 Bd6 9. Be2 Qc7 10. 0-0 Ne4 11. h3 Bh5 12. c4 0-0 13. Rc1 Qe7 14. b4 Bf4 15. Ra1 Nxd2 16. Nxd2 Bxe2 17. Qxe2 Bxd2 18. Qxd2 dxc4 19. Qc3 Qf6 20. Qxc4 Rac8 21. Rad1 Ne7 22. Qb3 Nd5 23. Rd3 Nf4 24. Rf3 Qg5 25. g4 Ne2+ 26. Kh2 Rfd8 27. Qd3 Qg6 28. Qxe2 Rc2 29. Qb5 Rxb2 30. Qxb7 a5 31. Qc7 Ra8 32. bxa5 h5 33. Rg1 Rc2 34. Qe5 h4 35. g5 Qh5 36. Qf4 Rxa5 37. g6 fxg6 38. Qb8+ Kh7 39. Rf8 1-0

[Event "Olympiad Women-40"]
[Site "Istanbul"]
[Date "2012.09.04"]
[Round "7.3"]
[White "Estrada, Lucia"]
[Black "Gerasimova, Olga"]
[Result "1/2-1/2"]
[WhiteElo "2026"]
[BlackElo "2087"]
[PlyCount "113"]
[EventDate "2012.08.28"]
[EventType "team-swiss"]
[EventRounds "11"]
[EventCountry "TUR"]
[SourceTitle "CBM 150 Extra"]
[Source "ChessBase"]
[SourceDate "2012.10.19"]
[SourceVersion "1"]
[SourceVersionDate "2012.10.19"]
[SourceQuality "1"]
[WhiteTeam "Bolivia (W)"]
[BlackTeam "ICSC (W)"]
[WhiteTeamCountry "BOL"]

1. d4 Nf6 2. Nf3 g6 3. c4 d5 4. e3 Bg7 5. Bd3 0-0 6. Nbd2 c5 7. b3 Nc6 8. Bb2 cxd4 9. exd4 Re8 10. 0-0 Bg4 11. Re1 e6 12. h3 Bxf3 13. Nxf3 Qb6 14. Qd2 Rac8 15. c5 Qc7 16. b4 Nd7 17. b5 Nd8 18. Bf1 f6 19. Rac1 Nf7 20. Rc2 Nf8 21. a4 Rcd8 22. a5 e5 23. b6 axb6 24. axb6 Qb8 25. Bb5 Re6 26. Ra1 e4 27. Ne1 Bh6 28. Qd1 f5 29. Bc1 Bg7 30. Rca2 h5 31. Ra7 Bh6 32. R1a3 f4 33. Qe2 f3 34. Qd1 fxg2 35. Nxg2 Rf6 36. Bxh6 Nxh6 37. Qa1 Rf3 38. Be2 Rxa3 39. Qxa3 Nf5 40. Qc3 Ne6 41. Ra4 Nf4 42. Bf1 Ne7 43. Qg3 Rf8 44. Ra7 Nxg2 45. Qxg2 Kh7 46. Qg5 Nc6 47. Ra4 Rf5 48. Qh4 Qf8 49. Bb5 Nxd4 50. Rxd4 Qxc5 51. Bd7 Qxd4 52. Bxf5 gxf5 53. Qxh5+ Kg8 54. Qe8+ Kh7 55. Qh5+ Kg8 56. Qe8+ Kh7 57. Qh5+ 1/2-1/2

[Event "South America-ch U20 Girls 6th"]
[Site "Tarija"]
[Date "2011.05.04"]
[Round "3"]
[White "Mendoza, Samantha"]
[Black "Estrada, Lucia"]
[Result "1/2-1/2"]
[WhiteElo "1806"]
[BlackElo "2035"]
[PlyCount "160"]
[EventDate "2011.05.03"]
[EventType "swiss"]
[EventRounds "9"]
[EventCountry "BOL"]
[SourceTitle "EXT 2022"]
[Source "ChessBase"]
[SourceDate "2021.10.06"]
[SourceVersion "1"]
[SourceVersionDate "2021.10.06"]
[SourceQuality "1"]

1. e4 e6 2. d4 d5 3. exd5 exd5 4. Bd3 Nc6 5. c3 Bd6 6. Ne2 Nge7 7. 0-0 Bf5 8. Bf4 Qd7 9. Bxd6 Qxd6 10. Ng3 Be6 11. Qc2 0-0-0 12. Nd2 h5 13. Rae1 Qf4 14. Re3 g6 15. Ne2 Qf6 16. f4 Bf5 17. Bxf5+ Nxf5 18. Ref3 h4 19. g4 hxg3 20. Nxg3 Rde8 21. Nxf5 gxf5 22. R3f2 Rhg8+ 23. Kh1 Rg4 24. Nb3 Reg8 25. Nc1 Qg6 26. Ne2 Ne7 27. Ng3 Rh8 28. Kg2 Qh6 29. Kf3 Rxf4+ 30. Ke2 Rxf2+ 31. Rxf2 f4 32. Nf1 Qh5+ 33. Ke1 Ng6 34. Qe2 Qf5 35. Nd2 Kd8 36. Kd1 Re8 37. Qb5 b6 38. Qa6 Qg4+ 39. Kc2 Re1 40. Kb3 Qd7 41. Qxa7 Qb5+ 42. Kc2 Re3 43. Qb8+ Kd7 44. Qg8 Qd3+ 45. Kd1 Re7 46. Qa8 Qb5 47. Qa3 Re8 48. Kc2 Qc6 49. Qb3 Re1 50. Nf3 Re4 51. Qb4 Ke8 52. Qb3 Qd7 53. Qb4 Re3 54. Qb3 b5 55. Kd1 c6 56. Ne5 Nxe5 57. dxe5 Qg4+ 58. Kd2 Rxe5 59. Qa3 f3 60. Qa8+ Ke7 61. Qb7+ Kf6 62. Qxc6+ Re6 63. Qxd5 Qf4+ 64. Kc2 Qa4+ 65. Kd2 Qf4+ 66. Kc2 Re2+ 67. Rxe2 fxe2 68. Qd8+ Kg7 69. Qe8 Qf1 70. Qe5+ Kg6 71. Qg3+ Kf5 72. Qd3+ Ke6 73. Qe4+ Kd6 74. Qd4+ Ke7 75. Qe5+ Kd8 76. Qd6+ Ke8 77. Qe5+ Kf8 78. Qh8+ Ke7 79. Qe5+ Kd8 80. Qd6+ Ke8 1/2-1/2

[Event "Olympiad-39"]
[Site "Khanty-Mansiysk"]
[Date "2010.09.25"]
[Round "5.4"]
[White "Long, Peter"]
[Black "Estrada, Lucia"]
[Result "1/2-1/2"]
[WhiteElo "2302"]
[BlackElo "2035"]
[PlyCount "67"]
[EventDate "2010.09.21"]
[EventType "team-swiss"]
[EventRounds "11"]
[EventCountry "RUS"]
[SourceTitle "CBM 139"]
[Source "ChessBase"]
[SourceDate "2010.11.18"]
[SourceVersion "1"]
[SourceVersionDate "2010.11.18"]
[SourceQuality "1"]
[WhiteTeam "Malaysia"]
[BlackTeam "Bolivia"]
[WhiteTeamCountry "MAS"]
[BlackTeamCountry "BOL"]

1. Nf3 d5 2. c4 e6 3. g3 Nf6 4. Bg2 c6 5. b3 Nbd7 6. Bb2 Bd6 7. 0-0 0-0 8. Nc3 Re8 9. d4 dxc4 10. bxc4 e5 11. e3 exd4 12. exd4 Nf8 13. Qb3 Rb8 14. Rfe1 Bf5 15. Nh4 Bg6 16. c5 Be7 17. Rad1 Bh5 18. Rc1 Ne6 19. Nf5 Bf8 20. Ne4 Nxe4 21. Rxe4 Bg6 22. g4 Qc7 23. Rce1 b6 24. cxb6 Rxb6 25. Qc2 Reb8 26. Bc1 Rb5 27. h3 Qb6 28. Rd1 Rd8 29. Be3 Rb2 30. Qa4 Rb4 31. Qc2 Rb2 32. Qa4 Rb4 33. Qc2 Rb2 34. Bf1 1/2-1/2

[Event "Pan American U18 Girls"]
[Site "Bento Goncalves"]
[Date "2010.08.07"]
[Round "9"]
[White "Estrada, Lucia"]
[Black "Gutierrez Salazar, Leonela"]
[Result "1/2-1/2"]
[WhiteElo "2032"]
[BlackElo "2054"]
[PlyCount "45"]
[EventDate "2010.08.02"]
[EventType "swiss"]
[EventRounds "9"]
[EventCountry "BRA"]
[SourceTitle "EXT 2013"]
[Source "ChessBase"]
[SourceDate "2012.11.22"]
[SourceVersion "1"]
[SourceVersionDate "2012.11.22"]
[SourceQuality "1"]

1. d4 Nf6 2. Bg5 Ne4 3. Bf4 d5 4. e3 c5 5. f3 Nf6 6. c3 Nc6 7. Bd3 e6 8. Nd2 c4 9. Bc2 Be7 10. Bg3 b5 11. e4 dxe4 12. fxe4 Bb7 13. Qe2 0-0 14. Nh3 Rc8 15. Nf4 b4 16. e5 Nd5 17. Qh5 g6 18. Nxg6 fxg6 19. Bxg6 hxg6 20. Qxg6+ Kh8 21. Qh6+ Kg8 22. Qg6+ Kh8 23. Qh6+ 1/2-1/2

[Event "Pan American U18 Girls"]
[Site "Bento Goncalves"]
[Date "2010.08.05"]
[Round "5"]
[White "Estrada, Lucia"]
[Black "Benedetti, Antonella"]
[Result "1-0"]
[WhiteElo "2032"]
[BlackElo "1950"]
[PlyCount "73"]
[EventDate "2010.08.02"]
[EventType "swiss"]
[EventRounds "9"]
[EventCountry "BRA"]
[SourceTitle "EXT 2013"]
[Source "ChessBase"]
[SourceDate "2012.11.22"]
[SourceVersion "1"]
[SourceVersionDate "2012.11.22"]
[SourceQuality "1"]

1. d4 g6 2. c4 Nf6 3. Nc3 Bg7 4. e4 d6 5. f3 e5 6. d5 Nfd7 7. Be3 Bh6 8. Qd2 Bxe3 9. Qxe3 Nc5 10. b4 Nca6 11. Rb1 f5 12. Bd3 f4 13. Qf2 Nd7 14. g3 g5 15. Nge2 Qf6 16. h4 h6 17. a3 Nf8 18. gxf4 gxf4 19. Kd2 Rg8 20. Rbg1 Rg6 21. Nd1 Bd7 22. Rh2 Rxg1 23. Nxg1 Ng6 24. Bf1 Ke7 25. h5 Nh8 26. Bh3 Nf7 27. Bxd7 Kxd7 28. Nh3 Rg8 29. Qxa7 Qh4 30. Qxb7 Ng5 31. Kc1 Nb8 32. c5 dxc5 33. bxc5 Nxf3 34. c6+ Ke7 35. Qxc7+ Kf6 36. Qd6+ Kf7 37. Qe6+ 1-0

[Event "Pan American U18 Girls"]
[Site "Bento Goncalves"]
[Date "2010.08.03"]
[Round "2"]
[White "Duran Juarez, Citlali"]
[Black "Estrada, Lucia"]
[Result "0-1"]
[WhiteElo "1951"]
[BlackElo "2032"]
[PlyCount "170"]
[EventDate "2010.08.02"]
[EventType "swiss"]
[EventRounds "9"]
[EventCountry "BRA"]
[SourceTitle "EXT 2013"]
[Source "ChessBase"]
[SourceDate "2012.11.22"]
[SourceVersion "1"]
[SourceVersionDate "2012.11.22"]
[SourceQuality "1"]

1. e4 e6 2. d4 d5 3. Nd2 Nf6 4. e5 Nfd7 5. Bd3 c5 6. c3 Nc6 7. Ne2 Qb6 8. Nf3 cxd4 9. cxd4 f6 10. exf6 Bb4+ 11. Bd2 Nxf6 12. 0-0 0-0 13. Rc1 Bd6 14. Be3 Qxb2 15. Rb1 Qa3 16. Rb3 Qa5 17. Qb1 Qc7 18. Nc3 a6 19. Bg5 h6 20. Bh4 Bf4 21. Ne2 Bd6 22. Rc1 Qe7 23. Bg3 Bxg3 24. hxg3 e5 25. dxe5 Nxe5 26. Nxe5 Qxe5 27. Nf4 Re8 28. Ng6 Qh5 29. Nf4 Qe5 30. Ng6 Qe6 31. Rb6 Qf7 32. Nf4 Qd7 33. Bg6 Re7 34. Qb3 Qd8 35. Rd1 Re5 36. Qb4 a5 37. Qb1 Qe7 38. Rb5 Qd7 39. Qb3 Qe7 40. Qb1 d4 41. Qb3+ Kh8 42. Rxe5 Qxe5 43. Bb1 Bf5 44. Qxb7 Rc8 45. Bxf5 Qxf5 46. Qf7 Qd7 47. Ng6+ Kh7 48. Nf8+ Rxf8 49. Qxf8 Qa4 50. Rc1 Qxa2 51. Qc5 Qd5 52. Qxd5 Nxd5 53. Rd1 Nc3 54. Ra1 a4 55. Ra3 Kg6 56. Kf1 Kf5 57. f3 Ke5 58. Ke1 Kd5 59. Ra1 Kc4 60. Kd2 Kb3 61. Kd3 Kb2 62. Rf1 a3 63. Kxd4 Ne2+ 64. Kc4 a2 65. Kb4 Nxg3 66. Rf2+ Kb1 67. Rxa2 Kxa2 68. Kc4 Nf5 69. g4 Nh4 70. f4 Ng2 71. g5 Nxf4 72. gxh6 gxh6 73. Kd4 Ng6 74. Ke3 Kb3 75. Kf3 h5 76. Kg2 Kc4 77. Kh2 Kd3 78. Kh1 Ke3 79. Kh2 Kf3 80. Kg1 Kg3 81. Kh1 Nf4 82. Kg1 Nh3+ 83. Kh1 Nf2+ 84. Kg1 h4 85. Kf1 h3 0-1

[Event "Pan American U18 Girls"]
[Site "Bento Goncalves"]
[Date "2010.08.02"]
[Round "1"]
[White "Estrada, Lucia"]
[Black "De Leon, Daiana"]
[Result "1-0"]
[WhiteElo "2032"]
[BlackElo "1724"]
[PlyCount "53"]
[EventDate "2010.08.02"]
[EventType "swiss"]
[EventRounds "9"]
[EventCountry "BRA"]
[SourceTitle "EXT 2013"]
[Source "ChessBase"]
[SourceDate "2012.11.22"]
[SourceVersion "1"]
[SourceVersionDate "2012.11.22"]
[SourceQuality "1"]

1. d4 d5 2. Nf3 Nf6 3. Bg5 Nbd7 4. e3 e6 5. Nbd2 Be7 6. Bd3 0-0 7. Ne5 c5 8. c3 Qc7 9. f4 Rd8 10. 0-0 Nf8 11. Qf3 Ne8 12. Bxe7 Qxe7 13. Qg3 cxd4 14. exd4 Nd6 15. Rae1 Qc7 16. Ndf3 Nd7 17. Ng5 Nf8 18. Ng4 Bd7 19. Nh6+ Kh8 20. Nhxf7+ Nxf7 21. Nxf7+ Kg8 22. Nxd8 Rxd8 23. Re5 Be8 24. f5 Bf7 25. fxe6 Nxe6 26. Qh3 Nf8 27. Rfe1 1-0